| 000 | 00965nam a2200289 i 4500 | ||
|---|---|---|---|
| 001 | bg | ||
| 100 | 1 | _aABBADIE, Luc | |
| 245 | 1 | 0 |
_aLas : _bśrodowisko żywe / _cLuc Abbadie, Michel Baudouin ; tł. Jarosław Proćkow. |
| 246 |
_iTyt. oryg.: _aLa forjut - milieu vivant. Ecoguides |
||
| 260 |
_aWrocław : _bZakład Narodowy im. Ossolińskich, _c2006. |
||
| 300 |
_a288 s. : _bfot. kolor., rys. (w tym kolor.) ; _c25 cm. |
||
| 490 | 1 | _aSekrety Natury | |
| 500 | _aOryg.: "La forjut - milieu vivant. Ecoguides". | ||
| 504 | _aIndeksy. | ||
| 650 | 9 | _aLas | |
| 700 | 1 | _aBAUDOUIN, Michel | |
| 700 | 1 | _aPROĆKOW, Jarosław | |
| 830 | _aSekrety Natury | ||
| 020 | _a8304048558 | ||
| 040 | _cBPK | ||
| 041 | 0 | _apol | |
| 080 | _a630(02.025.2) | ||
| 920 | _a83-04-04855-8 | ||
| 942 | _cKS | ||
| 008 | s pl f |000 0 pol | ||
| 999 |
_c52246 _d52246 |
||
| 856 |
_uhttp://koha.tu.koszalin.pl/cgi-bin/koha/opac-detail.pl?biblionumber=52246 _yKatalog online BPK |
||